000 00431nam a22001577a 4500
005 20180809122813.0
008 160514b xxu||||| |||| 00| 0 eng d
041 _aeng
082 _b2176
_a658.3
100 _aMamoriya, Dr. C.B. and Gankar,S.V.
_94734
245 _aA Taxt book of Human Resource Management
260 _aNew Delhi
_bHimalaya Publishing House,
_c2006
300 _a396p,
650 _aManagement
_9241
942 _cBK
999 _c811
_d811